Fluid mechanics, hydraulic and hydraulic machines (Record no. 3144)

000 -LEADER
fixed length control field 00499nam a22001937a 4500
001 - CONTROL NUMBER
control field 3144
003 - CONTROL NUMBER IDENTIFIER
control field BD-DhUET
008 - FIXED-LENGTH DATA ELEMENTS--GENERAL INFORMATION
fixed length control field 141021b xxu||||| |||| 00| 0 eng d
040 ## - CATALOGING SOURCE
Transcribing agency 0
Modifying agency BD-DhUET
082 ## - DEWEY DECIMAL CLASSIFICATION NUMBER
Classification number 621.2
Item number ARO/1982
100 ## - MAIN ENTRY--PERSONAL NAME
Personal name Arora K R
245 ## - TITLE STATEMENT
Title Fluid mechanics, hydraulic and hydraulic machines
250 ## - EDITION STATEMENT
Edition statement 4th ed.
260 ## - PUBLICATION, DISTRIBUTION, ETC. (IMPRINT)
Place of publication, distribution, etc. Delhi
Name of publisher, distributor, etc. Standard Book House
Date of publication, distribution, etc. 1982
300 ## - PHYSICAL DESCRIPTION
Extent xxiv, 1337 p.
Other physical details ill.
504 ## - BIBLIOGRAPHY, ETC. NOTE
Bibliography, etc Includes bibliographies
650 #0 - SUBJECT ADDED ENTRY--TOPICAL TERM
Topical term or geographic name as entry element Fluid mechanics
942 ## - ADDED ENTRY ELEMENTS (KOHA)
Koha item type General Book
Holdings
Piece designation (barcode) Date acquired Damaged status Koha out on loan Koha issues (times borrowed) Lost status Price effective from Koha normalized classification for sorting Copy number Sublocation or collection (holding branch) Shelving location Withdrawn status Koha date last borrowed Koha full call number Koha date last seen Not for loan Koha item type Source of classification or shelving scheme Location (home branch)
586842014-10-21  3 2014-10-21621_000000000000000_2ARO19822Central Library, BUETCirculation section 2024-02-12621.2/ARO/19822024-09-01 General Book Central Library, BUET
573122014-10-22  5 2014-10-22621_000000000000000_2ARO19821Central Library, BUETCirculation section 2022-08-27621.2/ARO/19822023-01-11 General Book Central Library, BUET
586852014-11-16  3 2014-11-16621_000000000000000_2ARO19823Central Library, BUETCirculation section 2025-08-12621.2/ARO/19822025-08-23 General Book Central Library, BUET
586722014-12-08  1 2014-12-08621_000000000000000_2ARO19824Central Library, BUETCirculation section 2014-12-08621.2/ARO/19822014-12-21 General Book Central Library, BUET
586772014-12-09  1 2014-12-09621_200000000000000_ARO_19825Central Library, BUETCirculation section 2014-12-09621.2/ARO/19822014-12-15 General Book Central Library, BUET
586902015-06-16    2015-06-16621_200000000000000_ARO_19826Central Library, BUETReading section  621.2/ARO/19822015-06-16 Reading Item Central Library, BUET
586872015-06-16    2015-06-16621_200000000000000_ARO_19827Central Library, BUETReading section  621.2/ARO/19822015-06-16 Reading Item Central Library, BUET
586862015-06-16    2015-06-16621_200000000000000_ARO_19828Central Library, BUETReading section  621.2/ARO/19822015-06-16 General Book Central Library, BUET
586892015-06-30    2015-06-30621_200000000000000_ARO_19829Central Library, BUETReading section  621.2/ARO/19822015-06-30 Reading Item Central Library, BUET
586882015-06-30    2015-06-30621_200000000000000_ARO_198210Central Library, BUETReading section  621.2/ARO/19822015-06-30 Reading Item Central Library, BUET
586801984-08-05 2025-09-062 2021-04-04621_200000000000000_ARO_19821Central Library, BUETCirculation section 2025-08-23621.2/ARO/19822025-08-23 General Book Central Library, BUET